The Red Emperor/ (Record no. 749057)

MARC details
000 -LEADER
fixed length control field 00297nam a22001097a 4500
020 ## - INTERNATIONAL STANDARD BOOK NUMBER
ISBN 9781035413485
082 ## - DEWEY DECIMAL CLASSIFICATION NUMBER
Classification number 951.061 209 2 SHE/R
245 ## - TITLE STATEMENT
Title The Red Emperor/
Statement of responsibility, etc by Sheridan, Michael
260 ## - PUBLICATION, DISTRIBUTION, ETC. (IMPRINT)
Place of publication . - London
Name of publisher : Headline publishing Group
Year of publication , 2024
300 ## - PHYSICAL DESCRIPTION
Number of Pages xiii+345 pages
942 ## - ADDED ENTRY ELEMENTS (KOHA)
Source of classification or shelving scheme Dewey Decimal Classification
Koha item type Book
Holdings
Withdrawn status Lost status Source of classification or shelving scheme Damaged status Not for loan Home Library Current Location Date acquired Full call number Accession Number Price effective from Koha item type
    Dewey Decimal Classification     Dept. of Political Science Dept. of Political Science 04/02/2025 951.061 209 2 SHE/R POL23723 27/05/2025 Book